| 000 | 00590nam a2200217Ia 4500 | ||
|---|---|---|---|
| 003 | OSt | ||
| 005 | 20230224102956.0 | ||
| 008 | 210719s1997 xx 000 0 und d | ||
| 040 | _cAL | ||
| 041 | _aKonkani | ||
| 082 | _a891.461 KASV | ||
| 100 |
_aKASTELIN (Alban), Ed _973184 |
||
| 245 |
_aVoviyo ani verse _bವೊವಿಯೊ ಆನಿ ವೆರ್ಸ್ |
||
| 260 |
_aManglur. _bKonkani Samstho, Sa Luvis Kolej., _c1997 |
||
| 300 |
_a103 _bPB |
||
| 365 |
_b8 _cRs |
||
| 650 |
_aKonkani Poetry _973185 |
||
| 650 |
_aCastalino Alban _973186 |
||
| 906 | _aVoviyo | ||
| 942 |
_2ddc _cBK |
||
| 999 |
_c213252 _d213252 |
||